000 00780nam a2200193Ia 4500
008 151121s9999||||xx |||||||||||||| ||und||
082 _a520 / सालवी
082 _bHNW-77523
100 _aसालवी दिलीप एम।
245 _a1000 खगोल विज्ञान प्रश्नोत्तरी
260 _b"सत्साहित्य प्रकाशन, दिल्ली"
260 _c--
300 _a207
600 _aसालवी दिलीप एम।
630 _a1000 खगोल विज्ञान प्रश्नोत्तरी
700 _aसालवी दिलीप एम।
730 _a1000 खगोल विज्ञान प्रश्नोत्तरी
942 _cBOOK
999 _c1258941
_d1258938